000 00718 a2200313 4500
260 _aParis
630 _a80 - Questions generales en linguistique et litterature. Philologie
650 _a8 - LITTERATURE
100 _aBarthes, Roland
260 _bEd. du Seuil
300 _a187 p.
245 _aLe Degré zéro de l'écriture suivi de Nouveaux essais critiques
650 _aécriture
650 _aniveau de langue
260 _c1972
300 _b18 cm
100 _lFr
037 _a2010
037 _a2011
037 _a2301
037 _a2303
037 _a2305
037 _a27801
037 _a27932
440 _aPoints
020 _a2-02-00610-3
999 _c36127
_d36127